000
00303nam a2200109Ia 4500
008
230907s9999||||xx |||||||||||||| ||und||
082
_a
363.73874,SOV
100
_a
Sovacool, Benjamin K.,
_9
115086
245
4
_a
The political economy of climate change adaptation /
300
_a
226 pages :
942
_c
BK
999
_c
597509
_d
597509